000 00447nam a2200133Ia 4500
008 100328s9999 xx 000 0 und d
082 _b8070
100 _aदेसाई रा.र.
245 _aऊर्वशी आणि इतर कविता
260 _bयुगवाणी
630 _aऊर्वशी आणि इतर कविता
730 _aऊर्वशी आणि इतर कविता
942 _cBOOK
999 _c503867
_d503864